00691nam a2200241 a 4500001001300000003000900013005001700022008004100039020001000080082001300090100002600103245003500129260003400164300000700198500003500205505001700240650002300257700002600280902000800306942000700314952011300321999001500434nice12345678IN_TiNIC20260116011821.0050524s1978 dela grp 000 0 urd  ac10000a297bCHI aChishti, Yusuf Saleem aMazhab Ki Zaroorat Aur Ahmiyat aDelhibNihal Kitab Gharc1978 a48 aincludes index and biblioraphy2 abibliography aIslam-Meccan Trade1 aChishti, Yusuf Saleem bSRS cBK 001040708StackRoom-aHMIbHMId2007-07-27g100.00l0o297 CHIp08936r2007-07-27v100.00w2005-05-24yBK c4178d4178